Washington State Basketball: Top 10 All-Time Leaders - Statistics

General Stats
  • This quiz has been taken 6 times
    3 since last reset
  • The average score is 5 of 92
Answer Stats
Category # Player Amount % Correct
Points 3 Klay Thompson 1,756
100%
Steals 10 Klay Thompson 130
100%
Three Pointers Made 2 Klay Thompson 242
100%
Points Per Game 3 Klay Thompson 17.9
100%
Three Pointers Made 9 Andrej Jakimovski 184
33%
Games T9 Andrej Jakimovski 120
33%
Blocks T10 Aron Baynes 93
0%
Games T5 Aron Baynes 122
0%
Points 9 Bennie Seltzer 1,423
0%
Assists 1 Bennie Seltzer 473
0%
Steals 7 Bennie Seltzer 147
0%
Three Pointers Made 5 Bennie Seltzer 230
0%
Assists 10 Blake Pengelly 324
0%
Field Goal Percent 8 Brian Quinnett 48.6%
0%
Points 6 Brock Motum 1,530
0%
Field Goal Percent 4 Brock Motum 51.9%
0%
Games T9 Brock Motum 120
0%
Rebounds 8 Carlos Daniel 775
0%
Blocks 3 Carlos Daniel 136
0%
Field Goal Percent 5 Carlos Daniel 51.3%
0%
Rebounds 6 Charlie Sells 827
0%
Three Pointers Made 8 Chris Crosby 202
0%
Points Per Game 5 CJ Elleby 16.6
0%
Games T5 Daven Harmeling 122
0%
Points 5 DaVonte Lacy 1,548
0%
Three Pointers Made 1 DaVonte Lacy 249
0%
Blocks 2 DeAngelo Casto 165
0%
Steals 8 Derrick Low 145
0%
Three Pointers Made 6 Derrick Low 220
0%
Games 4 Dexter Kernich-Drew 123
0%
Assists 4 Dominic Ellison 441
0%
Points 4 Don Collins 1,563
0%
Steals 1 Don Collins 204
0%
Field Goal Percent 2 Don Collins 56.0%
0%
Points Per Game 10 Don Collins 14.7
0%
Three Pointers Made 3 Eddie Hill 233
0%
Blocks 7 Efe Abogidi 102
0%
Assists 8 Ike Iroegbu 375
0%
Games 3 Ike Iroegbu 124
0%
Points 1 Isaac Fontaine 2,003
0%
Steals 5 Isaac Fontaine 161
0%
Three Pointers Made 7 Isaac Fontaine 208
0%
Field Goal Percent 7 Isaac Fontaine 48.7%
0%
Points Per Game 4 Isaac Fontaine 16.7
0%
Games T9 Isaac Fontaine 120
0%
Rebounds 10 James Donaldson 677
0%
Blocks 1 James Donaldson 171
0%
Rebounds 5 Jim McKean 834
0%
Field Goal Percent 9 Jim McKean 48.3%
0%
Points Per Game 2 Jim McKean 18.4
0%
Rebounds 7 John Maras 808
0%
Points 10 Josh Hawkinson 1,414
0%
Rebounds 1 Josh Hawkinson 1,015
0%
Blocks T8 Josh Hawkinson 94
0%
Field Goal Percent 3 Josh Hawkinson 52.3%
0%
Games 2 Junior Longrus 125
0%
Assists 3 Keith Morrison 456
0%
Steals 2 Keith Morrison 191
0%
Assists 2 Kyle Weaver 465
0%
Steals 3 Kyle Weaver 188
0%
Blocks T10 Kyle Weaver 93
0%
Games 8 Kyle Weaver 121
0%
Points Per Game 7 Larry Beck 16.2
0%
Games 1 Marcus Capers 135
0%
Points 8 Marcus Moore 1,458
0%
Assists 5 Marcus Moore 423
0%
Steals 4 Marcus Moore 168
0%
Points 7 Mark Hendrickson 1,496
0%
Rebounds 3 Mark Hendrickson 927
0%
Field Goal Percent 1 Mark Hendrickson 56.7%
0%
Assists 9 Marty Giovacchini 371
0%
Steals 6 Mike Bush 149
0%
Points Per Game 9 Neil Derrick 15.2
0%
Blocks 6 Otis Jennings 116
0%
Assists 6 Reggie Moore 419
0%
Blocks T4 Robbie Cowgill 118
0%
Games T5 Robbie Cowgill 122
0%
Blocks T8 Rob Corkrum 94
0%
Three Pointers Made 10 Robert Franks 166
0%
Field Goal Percent 10 Steve Harriel 47.6%
0%
Points 2 Steve Puidokas 1,894
0%
Rebounds 2 Steve Puidokas 992
0%
Field Goal Percent 6 Steve Puidokas 49.0%
0%
Points Per Game 1 Steve Puidokas 18.6
0%
Rebounds 9 Stuart House 687
0%
Blocks T4 Stuart House 118
0%
Assists 7 Taylor Rochestie 382
0%
Rebounds 4 Ted Werner 836
0%
Points Per Game 6 Terrence Lewis 16.2
0%
Points Per Game 8 Terry Ball 15.8
0%
Steals 9 Thomas Kelati 133
0%
Three Pointers Made 4 Thomas Kelati 232
0%
No matching quizzes found
Score Distribution
Percent of People with Each Score
Percentile by Number Answered
Your Score History
You have not taken this quiz since the last reset